000 00432nam a22001577a 4500
003 OSt
005 20230406135936.0
008 230406b |||||||| |||| 00| 0 eng d
020 _a978-0-19-437445-3
040 _cCML
082 _a428.007WID
245 _aDEFINING ISSUES IN ENGLISH LANGUAGE TEACHING
_cBY WIDDOWSON, H.G.
260 _aOXFORD
_bOXFORD UNIVERSITY PRESS
_c2015
300 _axiv, 193p.
942 _2ddc
_cBK
_k428.007
_mWID
999 _c4021
_d4021